| 000 | 00584nam a22001817a 4500 | ||
|---|---|---|---|
| 999 |
_c186329 _d186329 |
||
| 005 | 20220223121904.0 | ||
| 010 | _aENG-131762 | ||
| 020 |
_a9789388096164 _c525.00 |
||
| 035 | _aEN-115294 | ||
| 037 | _bDBAD | ||
| 082 | _a515 | ||
| 245 |
_aAdvanced Calculus/ _cM.N. Rajasheker et.al... |
||
| 260 |
_aHyderabad _bSevenHills International Publishers _c2021 |
||
| 270 |
_a# 326/C, Level-3, Surnemi Nilayam, Near B K Guda Park, S R Nagar _bHyderabad _e500038 |
||
| 300 |
_aviii, 456p. _c24cm(pbk) |
||
| 700 | _aRajasheker, M.N. et.al... | ||
| 942 |
_2ddc _cEN _h515 _mRAJ |
||